Dalit theology and Dalit liberation / (Record no. 52910)

MARC details
000 -LEADER
fixed length control field 00498nam a2200193Ia 4500
005 - DATE AND TIME OF LATEST TRANSACTION
control field 20260429112217.0
008 - FIXED-LENGTH DATA ELEMENTS--GENERAL INFORMATION
fixed length control field 260429s9999||||xx |||||||||||||| ||und||
020 ## - INTERNATIONAL STANDARD BOOK NUMBER
International Standard Book Number 9789385330261
041 ## - LANGUAGE CODE
Language English
082 ## - DEWEY DECIMAL CLASSIFICATION NUMBER
Classification number 305.5688
Item number DOG
100 ## - MAIN ENTRY--PERSONAL NAME
Personal name Dogra, Rita
245 #0 - TITLE STATEMENT
Title Dalit theology and Dalit liberation /
Statement of responsibility, etc Rita Dogra
260 ## - PUBLICATION, DISTRIBUTION, ETC. (IMPRINT)
Place of publication, distribution, etc New Delhi :
Name of publisher, distributor, etc Astha Publishers,
Date of publication, distribution, etc 2025.
300 ## - PHYSICAL DESCRIPTION
Extent x, 246 p.; hb
650 ## - SUBJECT ADDED ENTRY--TOPICAL TERM
Topical term or geographic name as entry element Dalits
650 ## - SUBJECT ADDED ENTRY--TOPICAL TERM
Topical term or geographic name as entry element Social levels
650 ## - SUBJECT ADDED ENTRY--TOPICAL TERM
Topical term or geographic name as entry element People
942 ## - ADDED ENTRY ELEMENTS (KOHA)
Koha item type Text Books
Holdings
Withdrawn status Lost status Damaged status Not for loan Collection code Home library Location Shelving location Date of Cataloging Source of acquisition Total Checkouts Full call number Barcode Date last seen Price effective from Koha item type
        Non-fiction CUTN Central Library CUTN Central Library Social Sciences 29/04/2026 Sri Mariyamman Stores, Virudhunagar - Invoice No. SMS-CCR/2025-26/348 on 11-02-2026   305.5688 DOG 58055 29/04/2026 29/04/2026 Text Books